Introduction to culinary arts / (Record no. 2508)

MARC details
000 -LEADER
fixed length control field 00578nam a22001817a 4500
005 - DATE AND TIME OF LATEST TRANSACTION
control field 20260211102348.0
008 - FIXED-LENGTH DATA ELEMENTS--GENERAL INFORMATION
fixed length control field 260211b |||||||| |||| 00| 0 eng d
020 ## - INTERNATIONAL STANDARD BOOK NUMBER
International Standard Book Number 978-621-406-323-9
082 ## - DEWEY DECIMAL CLASSIFICATION NUMBER
Classification number Fil. 641.5 L177 2022
100 ## - MAIN ENTRY--PERSONAL NAME
Personal name Lago, Elpedia M.
9 (RLIN) 225
245 ## - TITLE STATEMENT
Title Introduction to culinary arts /
Statement of responsibility, etc. Elpedia M. Marte-Lago, Xenia Zioneka P. Aquino Pauig
260 ## - PUBLICATION, DISTRIBUTION, ETC.
Place of publication, distribution, etc. Manila:
Name of publisher, distributor, etc. Mindshapers,
Date of publication, distribution, etc. c2022
300 ## - PHYSICAL DESCRIPTION
Extent x, 361p.:
Other physical details ill.
504 ## - BIBLIOGRAPHY, ETC. NOTE
Bibliography, etc. note Includes bibliographies
541 ## - IMMEDIATE SOURCE OF ACQUISITION NOTE
Accession number 7890 c.1, 7891 c.2
650 ## - SUBJECT ADDED ENTRY--TOPICAL TERM
Topical term or geographic name entry element Cooking
9 (RLIN) 8
700 ## - ADDED ENTRY--PERSONAL NAME
Personal name Pauig, Xenia Zioneka A.
Relator term author
9 (RLIN) 226
Holdings
Withdrawn status Lost status Source of classification or shelving scheme Damaged status Not for loan Home library Current library Date acquired Total Checkouts Full call number Barcode Date last seen Copy number Price effective from Koha item type
    Dewey Decimal Classification     ctu-moalboal ctu-moalboal 06/20/2024   Fil. 641.5 L177 2022 7890 02/11/2026 1 02/11/2026 Books-Filipiniana
    Dewey Decimal Classification     ctu-moalboal ctu-moalboal 06/20/2024   Fil. 641.5 L177 2022 7891 02/11/2026 2 02/11/2026 Books-Filipiniana